00659cam a22002177a 4500003000500000005001700005008004100022010000900063011000900072035000900081040000900090082002200099111007900121245007100200260004400271300002300315500001100338650002300349650002200372710004700394CHAP20220817041139.0971013s1992 r 10010 d a7416 a8388 a7614 cCHAP a631.4063bC7 199200aCongreso Nacional de la Ciencia del Suelo (n25d: 1992c: Acapulco, Gro.)13aLa investigación edafológica en México 1991-1992b: memorias aChapingo, Méx. :bLa Sociedad,c1992. a617 p.b; gráfs. a63-13314aSuelosxCongresos.14aSuelosxMéxico.0 aSociedad Mexicana de la Ciencia del Suelo.